000
00300nam a22001337a 4500
008
170524b xxu||||| |||| 00| 0 eng d
020
_a
9780201854800
041
_a
eng
080
_a
62
100
_a
26
101
_a
IM
245
_a
CLEANROOM SOFTWARE ENGINEERING
_c
PROWELL, S.J
942
_2
udc
_c
BK
999
_c
13975
_d
13975